Multiple word cities (Europe) Quiz Stats

 Plays Quiz not verified by Sporcle

Score 0/66 Timer 13:00
0 Plays Today
Population City % Correct
5,281,579Saint Petersburg
98.4%
524,882The Hague
86.4%
1,261,666Nizhny Novgorod
78.4%
282,708Newcastle upon Tyne
73.6%
1,125,299Rostov-on-Don
72%
324,576Cluj-Napoca
68%
732,688Frankfurt am Main
67.2%
288,301Kingston upon Hull
67.2%
135,059Banja Luka
61.5%
402,949Palma de Mallorca
59.2%
231,798Novi Sad
55.2%
243,978A Coruña
52%
274,810Stoke-on-Trent
49.6%
186,064San Sebastián
48.8%
170,761Saint-Étienne
45.6%
172,807Le Havre
43.2%
142,149Aix-en-Provence
41.6%
636,294Kryvyi Rih
38.4%
182,265Milton Keynes
36.8%
181,711Southend-on-Sea
36.8%
254,804L'Hospitalet de Llobregat
36%
141,365Clermont-Ferrand
36%
182,551Reggio di Calabria
36%
171,491Reggio nell'Emilia
36%
242,858Brighton and Hove
36%
143,813Le Mans
35.2%
222,594Veliky Novgorod
32.8%
212,830Jerez de la Frontera
28.8%
529,797Naberezhnye Chelny
27.2%
186,502Vila Nova de Gaia
27.2%
152,411's-Hertogenbosch
27.2%
110,733Saint-Denis
24.8%
233,360Ivano-Frankivsk
23.2%
Population City % Correct
244,634Vitoria-Gasteiz
22.4%
226,393Freiburg im Breisgau
21.6%
172,030Bielsko-Biała
20%
123,738Baia Mare
20%
102,411Satu Mare
19.2%
116,927Boulogne-Billancourt
18.4%
195,907Alcalá de Henares
17.6%
170,990Castellón de la Plana
17.6%
223,360Stary Oskol
16.8%
104,296St Helens
16%
111,366Bergisch Gladbach
15.2%
134,290Târgu Mureș
15.2%
139,330Zielona Góra
14.4%
266,675Yoshkar-Ola
13.6%
169,278Mülheim an der Ruhr
13.6%
136,781Stara Zagora
13.6%
123,995Gorzów Wielkopolski
13.6%
123,734Offenbach am Main
12.8%
131,855Dos Hermanas
12%
164,718Ludwigshafen am Rhein
12%
125,257High Wycombe
12%
101,159Hemel Hempstead
10.4%
207,745Bila Tserkva
8.8%
108,325Sutton Coldfield
8.8%
121,802Dąbrowa Górnicza
8.8%
108,915Alphen aan den Rijn
8%
139,125Ruda Śląska
8%
126,981Torrejón de Ardoz
7.2%
123,839Giugliano in Campania
6.4%
119,956Orekhovo-Zuyevo
5.6%
104,579Sergiyev Posad
5.6%
100,462Kamianets-Podilskyi
4.8%
117,153Santa Coloma de Gramanet
4%

You're not logged in!

Compare scores with friends on all Sporcle quizzes.
OR
Log In

Show Comments

Extras

Top Quizzes Today


Score Distribution

Your Account Isn't Verified!

In order to create a playlist on Sporcle, you need to verify the email address you used during registration. Go to your Sporcle Settings to finish the process.

Report this User

Report this user for behavior that violates our Community Guidelines.

Details: